000 00870nam a2200289Ia 4500
005 20250425160723.0
008 250425s9999 xx 000 0 und d
020 _a9580432376
041 _aspa
043 _ack
082 _a658.8
100 _aBRENNAN, CHARLES D.
245 0 _aLAS PREGUNTAS QUE CIERRAN LA VENTA: COMO DESCUBRIR LAS VERDADERAS NECESIDADES DE SUS CLIENTES
250 _a1A ED.
260 _aColombia
_bNORMA
_c1995
260 _aS.L.
300 _a189
500 _a28329 S/ 30.000 L. CIENTIF. ING. MECA.#97.01.13
500 _aTítulo Traducido: SALES QUESTIONS THAT CLOSE THE SALE: HOW TO UNCOVER YOUR CUSTOMERS REAL NEEDS
650 _aCLIENTES
650 _aESTRATEGIAS DE DESARROLLO
650 _aMERCADOTECNIA
650 _aMERCADOTECNIA Y VENTAS
700 _aHELENA SALAZAR
_etraductor
942 _c01
010 _a3432
999 _c194796
_d194796